Peacemaker : (Record no. 27117)

MARC details
000 -LEADER
campo de control de longitud fija 01404cam a2200313 i 4500
001 - NÚMERO DE CONTROL
campo de control 109953
005 - FECHA Y HORA DE LA ÚLTIMA TRANSACCIÓN
campo de control 20230410103843.0
008 - DATOS DE LONGITUD FIJA--INFORMACIÓN GENERAL
campo de control de longitud fija 130513b2012 caua 000 0 eng
020 ## - NÚMERO INTERNACIONAL ESTÁNDAR DEL LIBRO
Número Internacional Estándar del Libro 9781931368278
041 0# - CÓDIGO DE IDIOMA
Código de lengua del texto/banda sonora o título independiente eng
049 ## - FONDOS LOCALES (OCLC)
Biblioteca depositaria GRAL
050 14 - SIGNATURA TOPOGRÁFICA DE LA BIBLIOTECA DEL CONGRESO
Número de clasificación 409 DS 910.2
Número de ítem I31p 2012
100 1# - ENTRADA PRINCIPAL--NOMBRE DE PERSONA
Nombre de persona Im, Tong-won
245 10 - MENCIÓN DEL TÍTULO
Título Peacemaker :
Resto del título twenty years of inter-Korean relations and the North Korean nuclear issue /
Mención de responsabilidad, etc. by Lim Dong-won.
260 ## - PUBLICACIÓN, DISTRIBUCIÓN, ETC.
Lugar de publicación, distribución, etc. Stanford, CA :
Nombre del editor, distribuidor, etc. Walter H. Shorenstein Asia-Pacific Research Center,
Fecha de publicación, distribución, etc. 2012
300 ## - DESCRIPCIÓN FÍSICA
Extensión xix, 415 p. :
Otras características físicas ill., cartes ;
Dimensiones 23 cm.
500 ## - NOTA GENERAL
Nota general Publicado originalmente en Corea en 2008.
505 8# - NOTA DE CONTENIDO CON FORMATO
Nota de contenido con formato Part I, Inter-Korean summit, 2000 -- Part II, The search for new inter-Korean relations, 1989-1993 -- Part III, Sunshine Policy -- Part IV, Unfinished mission -- Appendix: essential documents
651 #0 - PUNTO DE ACCESO ADICIONAL DE MATERIA--NOMBRE GEOGRÁFICO
Nombre geográfico Korea (South)
Subdivisión general Foreign relations
Subdivisión geográfica Korea (North)
651 #0 - PUNTO DE ACCESO ADICIONAL DE MATERIA--NOMBRE GEOGRÁFICO
Nombre geográfico Korea (North)
Subdivisión general Foreign relations
Subdivisión geográfica Korea (South).
651 #0 - PUNTO DE ACCESO ADICIONAL DE MATERIA--NOMBRE GEOGRÁFICO
Nombre geográfico Korean reunification question (1945- )
651 #4 - PUNTO DE ACCESO ADICIONAL DE MATERIA--NOMBRE GEOGRÁFICO
Nombre geográfico Corea del Norte
Subdivisión general Relaciones exteriores
Subdivisión geográfica Corea del Sur.
651 #4 - PUNTO DE ACCESO ADICIONAL DE MATERIA--NOMBRE GEOGRÁFICO
Nombre geográfico Corea del Sur
Subdivisión general Relaciones exteriores
Subdivisión geográfica Corea del Norte.
651 #4 - PUNTO DE ACCESO ADICIONAL DE MATERIA--NOMBRE GEOGRÁFICO
Nombre geográfico Corea del Sur
Subdivisión general Política y gobierno
Subdivisión cronológica Siglo XX.
651 #4 - PUNTO DE ACCESO ADICIONAL DE MATERIA--NOMBRE GEOGRÁFICO
Nombre geográfico Corea del Norte
Subdivisión general Política y gobierno
Subdivisión cronológica Siglo XX.
700 1# - ENTRADA AGREGADA--NOMBRE PERSONAL
Nombre de persona The Walter H. Shorenstein Asia-Pacific Research Center.
942 ## - ELEMENTOS DE ENTRADA SECUNDARIOS (KOHA)
Fuente del sistema de clasificación o colocación Clasificación de Library of Congress
Tipo de ítem Koha
946 ## - PROCESAMIENTO DE INFORMACIÓN LOCAL (OCLC)
a YSL
Holdings
Estatus retirado Estado de pérdida Fuente del sistema de clasificación o colocación Estado de daño No para préstamo Colección Biblioteca de origen Biblioteca actual Ubicación en estantería Fecha de adquisición Serial enumeration / chronology Signatura topográfica completa Código de barras Visto por última vez Copia número Tipo de ítem Koha
    Clasificación de Library of Congress     Recursos Regionales Biblioteca Juan Bosch Biblioteca Juan Bosch Recursos Regionales (2do. Piso) 10/04/2023 1 409 DS 910.2 I31p 2012 00000103998 23/10/2018 1